000
00314nam a2200145Ia 4500
100
_a
Bhirud/G.N
490
_v
1
942
_c
BK
654
_a
engineering
245
_a
Engineering Mathematics
260
_b
Shree Engineering pub.
_a
New Delhi
_c
1993
082
_a
519
_b
BAP
300
_a
443
546
_a
ENGLISH
999
_c
24644
_d
24644